000 01195nam a2200349 i 4500
001 8228
003 KOSZ 005
005 20220323105716.0
008 080805s1956 pl a f 001 0 pol
015 _aPB 1956/3611
040 _aWA N
_cWA N
_dKOSZ 005/RW
_dKOSZ 005/HR
041 1 _apol
_hger
046 _k1956
080 _a678
080 _a54
100 1 _aRunge, Franz
_eAutor
245 1 0 _aWstęp do chemii i technologii tworzyw sztucznych /
_cFranz Runge ; [z jęz. niem. tł. i uzup. Stefan Chudzyński].
246 1 _iTyt. oryg.:
_aEinführung in die Chemie und Technologie der Kunststoffe
260 _aWarszawa :
_bPaństwowe Wydawnictwo Naukowe,
_c1956.
300 _a184 s. :
_bil. ;
_c25 cm.
380 _aKsiążki
388 _a1901-2000
388 _a1945-1989
504 _aIndeks.
650 4 _aTworzywa sztuczne
650 4 _aTechnologia chemiczna
658 _aInżynieria i technika
700 1 _aChudzyński, Stefan
_eTłumaczenie
710 2 _aPaństwowe Wydawnictwo Naukowe
_4pbl.
856 _uhttp://koha.tu.koszalin.pl/cgi-bin/koha/opac-detail.pl?biblionumber=8228
_yKatalog online BPK
942 _2UKD
_cKS
999 _c8228
_d8228